00249nam a2200073 4500100004800000245009000048260002900138300000800167 aGunarathne, Lasni Lochana Gunarathne Gamage aRing Conformations of Cyclohexane, Oxocarbenium Ion and Linamarin- An ab initio Study aRajagiriyabIchemcc2018 a103